[Event "Enniscrone Sligo op-B"]
[Site "Enniscrone"]
[Date "2025.02.01"]
[Round "3"]
[White "Biswal, Saiansh"]
[Black "Bun, Oleh"]
[Result "1-0"]
[WhiteElo "1595"]
[BlackElo "1790"]
[PlyCount "85"]
[EventDate "2025.01.31"]
[EventType "swiss"]
[EventRounds "5"]
[EventCountry "IRL"]
[SourceTitle "CB06_2025"]
[SourceDate "2025.02.05"]
[SourceVersion "1"]
[SourceVersionDate "2025.02.05"]
[SourceQuality "1"]

1. e4 c5 2. c3 e5 3. Nf3 Nc6 4. Bc4 h6 5. 0-0 f5 6. d4 cxd4 7. cxd4 fxe4 8. Nxe5 Nxe5 9. Qh5+ g6 10. Qxe5+ Ne7 11. Qxh8 d5 12. Bxh6 dxc4 13. Qxf8+ Kd7 14. Qxd8+ Kxd8 15. Bg5 Bf5 16. Nc3 Kd7 17. Bxe7 Kxe7 18. Nd5+ Kd6 19. Ne3 Be6 20. Rfd1 b5 21. a4 Bd7 22. axb5 Bxb5 23. Rdc1 Rc8 24. Rxa7 Rc6 25. Rg7 Rc8 26. Rxg6+ Ke7 27. Rb6 Be8 28. Rxc4 Ra8 29. h3 Bf7 30. Rc7+ Ke8 31. Rbb7 Bg8 32. h4 Kd8 33. Rg7 Ra1+ 34. Kh2 Kc8 35. Ra7 Rxa7 36. Rxa7 Kb8 37. Re7 Bb3 38. h5 Kc8 39. h6 Kd8 40. Ra7 Kc8 41. h7 Kb8 42. Rg7 Bg8 43. hxg8Q# 1-0

[Event "EU-ch Schools U11"]
[Site "Limerick"]
[Date "2024.06.03"]
[Round "4"]
[White "Biswal, Saiansh"]
[Black "Devine, Daniel"]
[Result "1-0"]
[WhiteElo "1490"]
[BlackElo "1526"]
[PlyCount "41"]
[EventDate "2024.05.31"]
[EventType "swiss"]
[EventRounds "9"]
[EventCountry "IRL"]
[SourceTitle "CBM 220 Extra"]
[Source "ChessBase"]
[SourceDate "2024.07.31"]
[SourceVersion "1"]
[SourceVersionDate "2024.07.31"]
[SourceQuality "1"]

1. e4 c5 2. c3 d6 3. d4 cxd4 4. cxd4 Nc6 5. Nf3 e6 6. Bb5 a6 7. Ba4 Bd7 8. Bf4 Nf6 9. d5 exd5 10. exd5 Qa5+ 11. Nc3 Nb4 12. Bb3 Bb5 13. Nxb5 Nc2+ 14. Kf1 Qxb5+ 15. Kg1 Nxa1 16. Ba4 Nxd5 17. Bxb5+ axb5 18. Qxd5 Be7 19. Qxb5+ Kf8 20. Qf5 g6 21. Qb1 1-0

[Event "EU-ch Schools U11"]
[Site "Limerick"]
[Date "2024.06.01"]
[Round "2"]
[White "Gernert, Tomas"]
[Black "Biswal, Saiansh"]
[Result "0-1"]
[WhiteElo "1727"]
[BlackElo "1490"]
[PlyCount "96"]
[EventDate "2024.05.31"]
[EventType "swiss"]
[EventRounds "9"]
[EventCountry "IRL"]
[SourceTitle "CBM 220 Extra"]
[Source "ChessBase"]
[SourceDate "2024.07.31"]
[SourceVersion "1"]
[SourceVersionDate "2024.07.31"]
[SourceQuality "1"]

1. d4 Nf6 2. Nf3 e6 3. Bf4 d5 4. e3 c5 5. c3 Nc6 6. Bd3 h6 7. Nbd2 Nh5 8. Bg3 Nxg3 9. hxg3 Qb6 10. Rb1 c4 11. Bc2 Bd6 12. e4 Bd7 13. e5 Be7 14. b4 cxb3 15. Rxb3 Qc7 16. g4 Na5 17. Rb1 Qxc3 18. Ba4 Qc7 19. Rc1 Nc6 20. g5 h5 21. Qc2 g6 22. Rh4 a6 23. g4 b5 24. Bb3 0-0-0 25. gxh5 Rxh5 26. Rxh5 gxh5 27. g6 fxg6 28. Qxg6 h4 29. Qh7 Ba3 30. Rc2 Kb7 31. Qxh4 Qb8 32. Nb1 Be7 33. Qh7 Rh8 34. Qg6 Rh1+ 35. Ke2 Rxb1 36. Rxc6 Rxb3 37. Qh7 Kxc6 38. axb3 Bb4 39. Ng5 Qd8 40. Qg6 Qe7 41. f4 Qe8 42. Qxe8 Bxe8 43. Nxe6 Bg6 44. Ng7 Bf8 45. f5 Bxg7 46. fxg6 Kd7 47. Kf3 Ke6 48. Kg4 a5 0-1